Statistiken für Deutsches Monopolyspielbrett - Karten-Quiz

Klicken Sie hier um das Quiz zu spielen!

Allgemein

  • Dieses Quiz wurde 17.938 mal gespielt
  • Das Durchschnittsergebnis liegt bei 15 aus 36

Antworten auf der Karte

Die Antworten werden auf der Karte rot bzw. grün angezeigt, abhängig davon wie oft sie richtig erraten wurden.
 

Antwortstatistiken

Antwort% Korrekt
LOS
70%
Badstraße
64%
Gehen Sie in das Gefängnis
64%
Schlossallee
63%
Frei Parken
62%
Nur zu Besuch (Im Gefängnis)
62%
Nordbahnhof
57%
Westbahnhof
53%
Hauptbahnhof
52%
Turmstraße
50%
Parkstraße
49%
Südbahnhof
48%
Ereignisfeld
47%
Elektrizitätswerk
44%
Opernplatz
44%
Wasserwerk
43%
Zusatzsteuer
43%
Einkommensteuer
41%
Goethestraße
41%
Berliner Straße
37%
Schillerstraße
33%
Elisenstraße
32%
Gemeinschaftsfeld
32%
Lessingstraße
31%
Neue Straße
31%
Poststraße
31%
Wiener Straße
31%
Chausseestraße
30%
Münchener Straße
29%
Bahnhofstraße
28%
Seestraße
28%
Hafenstraße
26%
Museumstraße
26%
Rathausplatz
24%
Theaterstraße
23%
Hauptstraße
21%

Verteilung der Resultate

Perzentil nach korrekt beantworteten Fragen

Anzahl Personen mit jedem Resultat

Ihre Resultats-Entwicklung

Sie haben dieses Quiz noch nicht gespielt